Quiz de Alagoas - Statistics

Estatísticas Gerais
  • Esse quiz foi jogado 227 vezes
    213 desde o último reset
  • A pontuação média é 11 de 17
Estatísticas das Respostas
Dica Resposta % Correto
Capital Maceió
97%
Maior quilombo da história do Brasil Quilombo dos {Palmares}
83%
Estados brasileiros fazendo fronteira com Alagoas Pernambuco
82%
Estados brasileiros fazendo fronteira com Alagoas Sergipe
82%
Estados brasileiros fazendo fronteira com Alagoas Bahia
81%
Futebolista conhecida como a "Rainha do Futebol" Marta
79%
Os dois primeiros presidentes do Brasil Deodoro da Fonseca
76%
Rio mais longo Rio {São} {Francisco}
70%
Segundo maior município Arapiraca
68%
Líder do acima, também conhecido como "o senhor da guerra" Zumbi
68%
Os dois primeiros presidentes do Brasil Floriano Peixoto
63%
Maior lagoa no acima Lagoa {Mundaú}
56%
Alagoas foi o primeiro estado brasileiro a legalizar esse tipo de casamento, em 2012 Casamento de {Mesmo} {Sexo}
53%
Governador atual Renan Filho
52%
Povo indígena que habitou Alagoas no século XVI Kaeté (Tupi)
48%
Base da economia alagoana Agropecuária
42%
Planalto onde o acima está localizado Planalto da {Borborema}
35%
Nenhum quiz correspondente encontrado
Distribuição das Pontuações
Porcentagem de Pessoas com Cada Pontuação
Percentil de Números Respondidos
Sua Pontuação Histórica
Você não jogou esse quiz desde o último reset